Stolice Ameryki Południowej - nagła śmierć - Statystyki

Ogólne statystyki
  • Ten quiz został rozwiązany 135 razy
    115 od ostatniego zresetowania
  • Średni wynik to 9 z 12
Answers on the Grid
Answers color-coded by a green-red scale on the quiz's grid according to % correct below.
Manila
Santo Domingo
Caracas
Montevideo
Johannesburg
Paramaribo
Canberra
Lima
Asuncion
Bogota
Hawana
Panama City
Quito
San Salvador
Meksyk
Georgetown
Sao Paolo
Brasilia
Waszyngton
Santiago
La Paz / Sucre
Dakar
Buenos Aires
Luanda
 
Statystyki odpowiedzi
Odpowiedź % Poprawnych
Buenos Aires
86%
Montevideo
82%
Bogota
80%
Brasilia
80%
Caracas
78%
Lima
78%
Santiago
73%
La Paz / Sucre
67%
Quito
67%
Asuncion
59%
Georgetown
57%
Paramaribo
53%
Nie znaleziono quizów pasujących do podanych kryteriów
Rozkład punktacji
Procent ludzi z każdym wynikiem
Percentyl według liczby udzielonych odpowiedzi
Twoja historia wyników
Nie rozwiązałeś tego quizu od ostatniego zresetowania